[Event "Tournoi Skype 010"]
[Site "Skype"]
[Date "????.??.??"]
[Round "3.18"]
[White "Dubois, Real"]
[Black "Sagar Pati, Manjeet"]
[Result "0-1"]
[WhiteElo "1534"]
[BlackElo "1399"]
[PlyCount "38"]

1. d4 d5 2. c3 e6 3. e3 Nf6 4. Nf3 Nc6 5. Bd3 Bd6 6. O-O O-O 7. Qc2 Re8 8. Nbd2
g6 9. Re1 e5 10. dxe5 Nxe5 11. Nxe5 Rxe5 12. Nf3 Re8 13. e4 dxe4 14. Bxe4 Rxe4
15. Rxe4 Bf5 16. Nd4 Bxe4 17. Qe2 c5 18. Nf3 Bd3 19. Qxd3 Bxh2+ 0-1

[Event "Tournoi Skype 010"]
[Site "Skype"]
[Date "????.??.??"]
[Round "3.19"]
[White "Gharbi, Said"]
[Black "De Coninck, Philippe"]
[Result "0-1"]
[WhiteElo "1387"]
[BlackElo "1510"]
[PlyCount "68"]

1. e4 e5 2. Nf3 Nf6 3. Bc4 Nxe4 4. Nxe5 Nd6 5. Bb3 Be7 6. O-O O-O 7. d4 Bf6 8.
Bf4 Nc6 9. Re1 Re8 10. Bxf7+ Nxf7 11. Nxf7 Kxf7 12. c3 Rxe1+ 13. Qxe1 d5 14.
Na3 a6 15. Qe2 Bf5 16. b4 b5 17. Nc2 Bxc2 18. Qxc2 g6 19. a4 Qe7 20. h3 Re8 21.
axb5 axb5 22. Be3 Qe4 23. Qe2 Bg5 24. Qxb5 Bxe3 25. fxe3 Qxe3+ 26. Kh1 Ne7 27.
Rf1+ Nf5 28. Qxd5+ Kf6 29. Qc6+ Kg5 30. Rg1 Ng3+ 31. Kh2 Ne2 32. Qd5+ Kh4 33.
Rf1 Rf8 34. Re1 Qg3+ 0-1

[Event "Tournoi Skype 010"]
[Site "Skype"]
[Date "????.??.??"]
[Round "3.20"]
[White "Galani, Mahendra"]
[Black "Prasad Singh, Ambika"]
[Result "1-0"]
[WhiteElo "1491"]
[BlackElo "1330"]
[PlyCount "113"]

1. e4 c5 2. a3 Nc6 3. Nf3 e6 4. h3 Nf6 5. d3 Be7 6. Nh2 b6 7. Bf4 d6 8. Nc3 a6
9. Qf3 Ne5 10. Bxe5 dxe5 11. Be2 Bb7 12. Qg3 O-O 13. Qxe5 Bd6 14. Qg5 h6 15.
Qe3 Qc7 16. Nf3 Nd7 17. Qd2 Bf4 18. Qd1 f5 19. O-O fxe4 20. dxe4 Ne5 21. Re1
Rad8 22. Qb1 b5 23. Qa2 c4 24. b3 Bd2 25. Nxd2 Rxd2 26. bxc4 Nxc4 27. Bf3 Kh8
28. Rad1 Rfd8 29. Rxd2 Rxd2 30. Nb1 Rd4 31. c3 Rd8 32. Bg4 e5 33. Bf5 Nd6 34.
Qe6 Bc8 35. Qg6 Bxf5 36. exf5 e4 37. Nd2 Nxf5 38. Nxe4 Ne7 39. Qxa6 Rd5 40.
Qa8+ Rd8 41. Qa6 Rd5 42. Ng3 Ng8 43. Re8 Rd1+ 44. Kh2 Qxc3 45. Qa8 Qb3 46. Nh5
Rd7 47. Nf4 Qa2 48. Ng6+ Kh7 49. Nf8+ Kh8 50. Nxd7 Qxf2 51. Rxg8+ Kh7 52. Rh8+
Kg6 53. Qe8+ Kg5 54. Qe5+ Qf5 55. Qxg7+ Qg6 56. Qe5+ Qf5 57. Rg8+ 1-0

[Event "Tournoi Skype 010"]
[Site "Skype"]
[Date "????.??.??"]
[Round "3.21"]
[White "Belouin, Bruno"]
[Black "Mulrooney, Justin"]
[Result "0-1"]
[WhiteElo "1490"]
[BlackElo "1300"]
[PlyCount "98"]

1. Nf3 Nf6 2. d4 d5 3. h3 e6 4. e3 Be7 5. Bd3 h6 6. a3 O-O 7. Ne5 Nbd7 8. b4
Nxe5 9. dxe5 Nd7 10. Bb2 b6 11. O-O c5 12. Bc3 Qc7 13. Qh5 c4 14. Be2 b5 15.
Bf3 Bb7 16. Nd2 Nb6 17. e4 Rfd8 18. Rfd1 d4 19. Bb2 c3 20. Bc1 cxd2 21. Rxd2
Nc4 22. Re2 Qxe5 23. Qg4 d3 24. cxd3 Qxa1 25. Re1 Ne5 26. Qg3 Rxd3 27. Kf1 Bxe4
28. Bxh6 Qxe1+ 29. Kxe1 Ng6 30. Be3 Bxf3 31. Qxf3 Rad8 32. Qb7 Bf6 33. Qxb5
Rxa3 34. Qb7 Ra2 35. g3 Ne5 36. Bxa7 Rd7 37. Qc8+ Rd8 38. Qc7 Nd3+ 39. Kf1 Nxb4
40. Bc5 Nd5 41. Qc6 Rc2 42. Qb5 Ne7 43. Qb6 Nf5 44. Kg2 Rc8 45. Bb4 Bd4 46. Qb7
Bxf2 47. Kf3 Bxg3 48. Ba5 Rf2+ 49. Ke4 Nd6+ 0-1

[Event "Tournoi Skype 010"]
[Site "Skype"]
[Date "????.??.??"]
[Round "3.24"]
[White "Meaney, Mike"]
[Black "Malbec, Robert"]
[Result "1/2-1/2"]
[WhiteElo "1650"]
[BlackElo "1530"]
[PlyCount "112"]

1. e4 e5 2. Nf3 Nc6 3. Bc4 Bc5 4. O-O Nf6 5. d3 h6 6. h3 O-O 7. c3 d6 8. b4 Bb6
9. Nbd2 a6 10. a4 Ba7 11. Nb3 Ne7 12. b5 axb5 13. axb5 b6 14. Be3 Bb7 15. Ra3
c5 16. bxc6 Nxc6 17. Bb5 Qe7 18. Qa1 Qc7 19. Qa2 Qb8 20. Ra1 Rc8 21. Bxc6 Rxc6
22. Rxa7 Rxa7 23. Qxa7 Qxa7 24. Rxa7 Bc8 25. c4 Be6 26. Ra6 Nd7 27. Na5 Nb8 28.
Rxb6 Rxb6 29. Bxb6 Nd7 30. Bc7 Nc5 31. Ne1 f6 32. Bxd6 Na4 33. c5 Nc3 34. c6
Nb5 35. c7 Nxd6 36. Nc6 Nb5 37. Ne7+ Kh7 38. c8=Q Bxc8 39. Nxc8 Nd4 40. Nd6 Ne6
41. g3 Kg8 42. f4 exf4 43. gxf4 Nxf4 44. Nf5 Nxh3+ 45. Kg2 Nf4+ 46. Kf3 Ne6 47.
d4 Kf7 48. d5 Nc5 49. Ng2 h5 50. Ngh4 Nd7 51. Kf4 g5+ 52. Kg3 gxh4+ 53. Kxh4
Kg6 54. Ng3 Nc5 55. Nxh5 Nxe4 56. Nxf6 Kxf6 1/2-1/2

[Event "Tournoi Skype 010"]
[Site "Skype"]
[Date "????.??.??"]
[Round "3.25"]
[White "Yeter, Orhan"]
[Black "Rajpurohit, Dinesh"]
[Result "0-1"]
[WhiteElo "1399"]
[BlackElo "1707"]
[PlyCount "40"]

1. e4 e5 2. Nf3 Nc6 3. c4 Nf6 4. Nc3 Bc5 5. a3 Bd4 6. b4 Bxc3 7. dxc3 Nxe4 8.
Bb2 d6 9. Bd3 Ng5 10. Nxg5 Qxg5 11. g3 O-O 12. Qc2 e4 13. Be2 Bf5 14. Bc1 Qf6
15. Bd2 e3 16. Qd1 exd2+ 17. Qxd2 Rfe8 18. O-O-O Rxe2 19. Qxe2 Qxc3+ 20. Qc2
Qxc2# 0-1

[Event "Tournoi Skype 010"]
[Site "Skype"]
[Date "????.??.??"]
[Round "3.26"]
[White "Janssen, Gerard"]
[Black "Hague, Mark"]
[Result "1-0"]
[WhiteElo "1602"]
[BlackElo "1391"]
[PlyCount "45"]

1. d4 e5 2. dxe5 Nc6 3. Nf3 Qe7 4. Nc3 Nxe5 5. Nxe5 Qxe5 6. e3 Nf6 7. Bd3 Bb4
8. Bd2 O-O 9. O-O d6 10. a3 Ng4 11. f4 Nxh2 12. fxe5 Nxf1 13. axb4 Nxd2 14.
Qxd2 dxe5 15. Nd5 Bg4 16. Qf2 f5 17. Nxc7 Rac8 18. Ne6 Rf6 19. Nc5 b6 20. Nd7
Rh6 21. Nxe5 Rf8 22. Nxg4 fxg4 23. Bc4+ 1-0

[Event "Tournoi Skype 010"]
[Site "Skype"]
[Date "????.??.??"]
[Round "3.27"]
[White "Fouquereau, Andre"]
[Black "Capdeville, Jean"]
[Result "1-0"]
[WhiteElo "1587"]
[BlackElo "1360"]
[PlyCount "91"]

1. e4 e5 2. Nf3 d6 3. c3 Be7 4. Be2 Nf6 5. O-O O-O 6. d3 h6 7. Qc2 Be6 8. d4
Nbd7 9. h3 c6 10. Nbd2 a5 11. b3 b5 12. d5 cxd5 13. exd5 Bxd5 14. Bxb5 Rb8 15.
Bd3 Bxf3 16. Nxf3 d5 17. Bf5 e4 18. Nd4 Nc5 19. Nc6 Qc7 20. Nxb8 Qxb8 21. Be3
Qe5 22. Bg4 Nxg4 23. hxg4 Bd6 24. f4 exf3 25. Rxf3 Qh2+ 26. Kf2 Qh4+ 27. Ke2
Qxg4 28. Kd1 Re8 29. Qe2 Ne4 30. Kc2 Qg6 31. Kb2 Qe6 32. Re1 Rc8 33. Bd4 Be5
34. Rc1 Bxd4 35. cxd4 Qb6 36. Rxc8+ Kh7 37. Qc2 Qxd4+ 38. Kc1 Qg1+ 39. Qd1 Qxg2
40. Rc2 Qg5+ 41. Kb1 Qe5 42. Qf1 f6 43. Qd3 Qd6 44. Rf5 Nc5 45. Rxc5 Qxc5 46.
Rxd5+ 1-0

[Event "Tournoi Skype 010"]
[Site "Skype"]
[Date "????.??.??"]
[Round "3.29"]
[White "Raheja, Shiv"]
[Black "Duthoit, Bernard"]
[Result "0-1"]
[WhiteElo "1335"]
[BlackElo "1517"]
[PlyCount "62"]

1. e4 e6 2. e5 d5 3. exd6 cxd6 4. Nf3 Nf6 5. Nc3 Nc6 6. Bc4 d5 7. Bb3 Bd6 8.
Nb5 Bc5 9. d4 Qa5+ 10. Bd2 Qxb5 11. dxc5 Qxc5 12. O-O Bd7 13. c3 a6 14. Be3 Qe7
15. Ba4 b5 16. Bc2 b4 17. c4 dxc4 18. Rc1 Rc8 19. Ba4 c3 20. bxc3 Nd5 21. Bg5
f6 22. Bh4 Nxc3 23. Qc2 O-O 24. Bb3 Na5 25. Nd4 Nxb3 26. Nxb3 Bb5 27. Rfe1 Ne2+
28. Rxe2 Bxe2 29. Qxc8 Rxc8 30. Rxc8+ Kf7 31. Bg3 e5 0-1

[Event "Tournoi Skype 010"]
[Site "Skype"]
[Date "????.??.??"]
[Round "3.30"]
[White "L'Herbon De Lussats, Jean"]
[Black "Farfallini, Michel"]
[Result "1-0"]
[WhiteElo "1509"]
[BlackElo "1300"]
[PlyCount "61"]

1. d4 d5 2. c4 e6 3. Nc3 Bb4 4. a3 Bxc3+ 5. bxc3 Nf6 6. Nf3 c6 7. e3 Qa5 8. Qc2
Ne4 9. Bb2 O-O 10. Bd3 Nf6 11. O-O Nbd7 12. c5 Re8 13. Nd2 Qc7 14. e4 e5 15. g3
b6 16. Nb3 dxe4 17. Bxe4 exd4 18. Rae1 Ne5 19. f4 d3 20. Qg2 d2 21. Nxd2 Nxe4
22. Rxe4 Ba6 23. Rfe1 Bd3 24. Rxe5 Rxe5 25. Rxe5 Rd8 26. Nf3 Qd7 27. Nd4 bxc5
28. Nxc6 Be4 29. Qxe4 Qd1+ 30. Qe1 Qxe1+ 31. Rxe1 1-0

[Event "Tournoi Skype 010"]
[Site "Skype"]
[Date "????.??.??"]
[Round "3.31"]
[White "Ryan, Lea"]
[Black "Vincent, Andre"]
[Result "0-1"]
[WhiteElo "1300"]
[BlackElo "1426"]
[PlyCount "92"]

1. d4 Nf6 2. c4 e6 3. Qb3 b6 4. Nc3 Bb7 5. Bg5 Be7 6. Nf3 Nc6 7. e4 d6 8. d5
Na5 9. Qc2 O-O 10. Bd3 c6 11. b4 Nxc4 12. Bxc4 b5 13. Bd3 h6 14. Bxf6 Bxf6 15.
Rd1 Rc8 16. O-O a6 17. Rfe1 cxd5 18. e5 dxe5 19. Nxe5 Bxe5 20. Rxe5 Qc7 21.
Bh7+ Kh8 22. Re3 g6 23. Bxg6 fxg6 24. Qxg6 Qg7 25. Qxg7+ Kxg7 26. Rxe6 Rxc3 27.
Re7+ Rf7 28. Rde1 d4 29. f3 Rc2 30. Rxf7+ Kxf7 31. Rd1 Rc4 32. a3 Kf6 33. Kf1
h5 34. Ke2 Ke5 35. g3 Bc8 36. Re1 Kd5 37. Kd2 Rc3 38. Ra1 Bf5 39. f4 Rc2+ 40.
Ke1 Rxh2 41. Rc1 Rh1+ 42. Kd2 Rxc1 43. Kxc1 Ke4 44. Kd2 d3 45. Kd1 Kf3 46. Ke1
Kxg3 0-1

[Event "Tournoi Skype 010"]
[Site "Skype"]
[Date "????.??.??"]
[Round "3.32"]
[White "Coruble, Didier"]
[Black "Gabriele, Noel"]
[Result "1-0"]
[WhiteElo "1402"]
[BlackElo "1299"]
[PlyCount "79"]

1. Nf3 Nc6 2. e3 e5 3. Nc3 Nf6 4. e4 a6 5. Bc4 Bc5 6. d4 exd4 7. Na4 Ba7 8. Bd3
d6 9. b3 O-O 10. O-O Re8 11. Bg5 h6 12. Bh4 Bg4 13. Re1 Qe7 14. h3 Bh5 15. Be2
Qxe4 16. Bd3 Qd5 17. Bxf6 gxf6 18. c4 Qa5 19. a3 Rxe1+ 20. Qxe1 Qxe1+ 21. Rxe1
Kf8 22. Kf1 Na5 23. b4 Nc6 24. g4 Bg6 25. Bxg6 fxg6 26. Nb2 Ne7 27. Nd3 g5 28.
Nd2 Ng6 29. f3 Nh4 30. f4 Kf7 31. f5 c5 32. bxc5 dxc5 33. Ne4 b6 34. Nd6+ Kg7
35. Re7+ Kf8 36. Rf7+ Kg8 37. Rxf6 Kg7 38. Re6 Rf8 39. Re7+ Kg8 40. Rxa7 1-0

[Event "Tournoi Skype 010"]
[Site "Skype"]
[Date "????.??.??"]
[Round "3.34"]
[White "Picard, Mario"]
[Black "Capdeville, Bastien"]
[Result "1-0"]
[WhiteElo "1250"]
[BlackElo "1399"]
[PlyCount "97"]

1. d4 d5 2. c4 c6 3. Nc3 Nf6 4. Nf3 h6 5. e4 e6 6. Bd3 Bd6 7. e5 Bb4 8. exf6
Bxc3+ 9. bxc3 Qxf6 10. O-O Qe7 11. Re1 Nd7 12. Bb2 a6 13. cxd5 cxd5 14. c4 Qd8
15. cxd5 O-O 16. dxe6 fxe6 17. Bc4 Nf6 18. Rxe6 Bxe6 19. Bxe6+ Rf7 20. Bxf7+
Kxf7 21. Ne5+ Ke6 22. Qb3+ Qd5 23. Qb6+ Qc6 24. Qb3+ Qd5 25. Rd1 Qxb3 26. axb3
Rd8 27. Nc4 Nd5 28. Ne5 b5 29. Nf3 g5 30. Ne1 h5 31. Nd3 b4 32. Nc5+ Kf6 33.
Nxa6 h4 34. Nc5 g4 35. Ne4+ Kf5 36. Nd2 Nc3 37. Bxc3 bxc3 38. Nf1 Kf4 39. Rc1
Rc8 40. d5 Ke5 41. Ne3 g3 42. fxg3 hxg3 43. hxg3 Ke4 44. Nd1 Kd4 45. d6 c2 46.
d7 Rd8 47. Rxc2 Rxd7 48. Rd2+ Ke4 49. Rxd7 1-0

[Event "Tournoi Skype 010"]
[Site "Skype"]
[Date "????.??.??"]
[Round "3.35"]
[White "Martin, Elise"]
[Black "Gailans, Voldi"]
[Result "1-0"]
[WhiteElo "1196"]
[BlackElo "1399"]
[PlyCount "67"]

1. d4 g6 2. e3 Bg7 3. c4 d5 4. Nf3 Bg4 5. Bd3 Nd7 6. Nbd2 e5 7. Qc2 e4 8. Nxe4
dxe4 9. Bxe4 Bxf3 10. Bxf3 c6 11. O-O Ngf6 12. Re1 O-O 13. h3 Qc7 14. e4 Rfe8
15. e5 Nf8 16. Rd1 N6d7 17. Bg4 Ne6 18. Qc3 Rad8 19. f4 f6 20. exf6 Nxf6 21.
Bxe6+ Rxe6 22. Qf3 Nh5 23. f5 gxf5 24. Qxh5 Bxd4+ 25. Rxd4 Rxd4 26. Bh6 Qe5 27.
Rf1 Rf4 28. Qg5+ Rg6 29. Qd8+ Kf7 30. Qd7+ Kg8 31. Bxf4 Qxb2 32. Qe8+ Kg7 33.
Be5+ Kh6 34. Bxb2 1-0

[Event "Tournoi Skype 010"]
[Site "Skype"]
[Date "????.??.??"]
[Round "3.36"]
[White "Grasset, Xavier"]
[Black "Hargez, Dany"]
[Result "0-1"]
[WhiteElo "1151"]
[BlackElo "1399"]
[PlyCount "44"]

1. e4 d5 2. Nc3 d4 3. Nb5 e5 4. Qh5 Nc6 5. Bc4 g6 6. Qf3 Nf6 7. Ne2 Bg7 8. c3
a6 9. Na3 O-O 10. cxd4 exd4 11. e5 Nxe5 12. Qf4 Nxc4 13. Nxc4 b5 14. Na5 d3 15.
Nd4 Re8+ 16. Kd1 Re4 17. Qf3 Bg4 18. Ndc6 Bxf3+ 19. gxf3 Qe8 20. fxe4 Qxe4 21.
Re1 Qf3+ 22. Re2 Qxe2# 0-1

[Event "Tournoi Skype 010"]
[Site "Skype"]
[Date "????.??.??"]
[Round "3.37"]
[White "Marty, Yvette"]
[Black "Milanese, Serge"]
[Result "0-1"]
[WhiteElo "1000"]
[BlackElo "1399"]
[PlyCount "50"]

1. e4 d5 2. Nc3 d4 3. Nb1 e5 4. d3 Nc6 5. Nd2 Nf6 6. Nb3 Bg4 7. f3 Bd7 8. Qe2
Nh5 9. Bd2 Nb4 10. O-O-O Nxa2+ 11. Kb1 Nf4 12. Bxf4 exf4 13. Kxa2 Be6 14. Kb1
a5 15. Nc5 Bxc5 16. Nh3 a4 17. c4 c6 18. Nxf4 Qb6 19. Nd5 cxd5 20. exd5 O-O 21.
dxe6 Rfe8 22. f4 Re7 23. f5 f6 24. Qf2 a3 25. Kc2 Qxb2# 0-1

6. Bh6 Qe5 27.
Rf1 Rf4 28. Qg5+ Rg6 29. Qd8+ Kf7 30. Qd7+ Kg8 31. Bxf4 Qxb2 32. Qe8+ Kg7 33.
Be5+ Kh6 34. Bxb2 1-0

[Event "Tournoi Skype 010"]
[Site "Skype"]
[Date "????.??.??"]
[Round "3.39"]
[White "Talbot, Jean"]
[Black "Armingaud, Jean-Claude"]
[Result "0-1"]
[WhiteElo "1399"]
[BlackElo "1142"]
[PlyCount "50"]

1. e4 e5 2. Nf3 Nc6 3. d4 exd4 4. Nxd4 Bc5 5. Be3 Nf6 6. Bc4 Nxe4 7. f3 Nd6 8.
Nxc6 dxc6 9. Bxc5 Nxc4 10. Qe2+ Be6 11. b3 b6 12. Bf2 Na5 13. O-O Qf6 14. c3
O-O-O 15. Qa6+ Kd7 16. Rd1+ Bd5 17. c4 Qxa1 18. cxd5 Qxa2 19. dxc6+ Kxc6 20.
Rc1+ Kd6 21. Rd1+ Kc6 22. Rc1+ Kd6 23. Rd1+ Ke6 24. Re1+ Kf6 25. Bd4+ Rxd4 0-1

[Event "Tournoi Skype 010"]
[Site "Skype"]
[Date "????.??.??"]
[Round "3.41"]
[White "Baker, Abi"]
[Black "Vervoort, Jean-Louis"]
[Result "0-1"]
[WhiteElo "1062"]
[BlackElo "1269"]
[PlyCount "77"]

1. c4 c5 2. Nc3 e5 3. e4 Nc6 4. d3 Nf6 5. Nge2 Be7 6. g3 O-O 7. Bg2 h6 8. O-O
d6 9. f4 Bg4 10. Bf3 Bxf3 11. Rxf3 Ng4 12. h3 Nf6 13. g4 h5 14. g5 Nh7 15. Ng3
g6 16. h4 f6 17. Nd5 Qd7 18. f5 gxf5 19. Nxf5 fxg5 20. Nh6+ Kg7 21. Nf5+ Kg8
22. Nh6+ Kg7 23. Nf5+ Kh8 24. Qa4 gxh4 25. Ndxe7 Ng5 26. Ng6+ Kg8 27. Nxf8
Nxf3+ 28. Kg2 Rxf8 29. Kxf3 Qe8 30. Bh6 Rf6 31. Rg1+ Rg6 32. Rh1 Rf6 33. Rxh4
Rxh6 34. Nxh6+ Kg7 35. Nf5+ Kh8 36. Nxd6 Qe6 37. Nxb7 Nd4+ 38. Kf2 Qf7+ 39. Ke3
0-1

[Event "Tournoi Skype 010"]
[Site "Skype"]
[Date "????.??.??"]
[Round "3.42"]
[White "Tamditi, Ibrahim"]
[Black "Pedneault, Anne-Frederique"]
[Result "0-1"]
[WhiteElo "1209"]
[BlackElo "1047"]
[PlyCount "42"]

1. e4 e5 2. Nf3 Nc6 3. Bb5 Nf6 4. Nc3 a6 5. Bxc6 bxc6 6. Nxe5 Bd6 7. Nc4 Bb4 8.
Ne2 Nxe4 9. O-O d5 10. Ne3 Qg5 11. d3 Bh3 12. dxe4 dxe4 13. Ng3 Be6 14. Nxe4
Qe5 15. c3 Be7 16. Qd4 Qb5 17. Qxg7 Rf8 18. Qxh7 O-O-O 19. a4 Qe5 20. Nc2 Rd7
21. Qh3 Bxh3 0-1

[Event "Tournoi Skype 010"]
[Site "Skype"]
[Date "????.??.??"]
[Round "3.43"]
[White "Lequeux, Pierre"]
[Black "Rival, Jocelyn"]
[Result "1-0"]
[WhiteElo "1000"]
[BlackElo "1155"]
[PlyCount "109"]

1. e4 e5 2. d3 Nc6 3. Nc3 Nf6 4. Bg5 Be7 5. h4 O-O 6. Nf3 d5 7. Be2 Qd7 8. Ng1
d4 9. Nd5 Bb4+ 10. Nxb4 Nxb4 11. Qd2 Qe7 12. a3 Nc6 13. Bxf6 Qxf6 14. c3 dxc3
15. Qxc3 Bd7 16. Nh3 Nd4 17. f3 Nxe2 18. Kxe2 Qg6 19. g4 Rad8 20. Qxe5 Qd6 21.
Qc3 Bb5 22. Rad1 Rd7 23. e5 Qd5 24. Kf2 Qd4+ 25. Qxd4 Rxd4 26. Ke3 Rd5 27. d4
Re8 28. f4 c5 29. Ke4 Rd7 30. d5 g6 31. Rb1 Bc4 32. Rhc1 Bxd5+ 33. Kd3 Bg2+ 34.
Ke3 Bxh3 35. g5 Rd3+ 36. Kxd3 Rd8+ 37. Ke3 Bf5 38. Ra1 c4 39. Rxc4 Bd3 40. Rd1
Bxc4 41. Rxd8+ Kg7 42. Rb8 b5 43. Ra8 Bd5 44. Rxa7 h6 45. gxh6+ Kxh6 46. Rd7
Be6 47. Rd6 Bf5 48. Rb6 Kh5 49. Rxb5 Kxh4 50. a4 g5 51. fxg5 Kxg5 52. a5 Bc8
53. Rb6 Kf5 54. a6 Bxa6 55. Rxa6 1-0

[Event "Tournoi Skype 010"]
[Site "Skype"]
[Date "????.??.??"]
[Round "3.44"]
[White "Letourneau, Judith"]
[Black "Coude, Josue"]
[Result "0-1"]
[WhiteElo "1000"]
[BlackElo "1146"]
[PlyCount "68"]

1. e4 e5 2. Nf3 Nc6 3. Bb5 Bb4 4. O-O Nge7 5. d3 d6 6. Bg5 h6 7. Bxe7 Qxe7 8.
a3 Ba5 9. Nc3 O-O 10. Qd2 Be6 11. b4 Bb6 12. Na4 a6 13. Nxb6 cxb6 14. a4 axb5
15. axb5 Nd4 16. Nxd4 exd4 17. Rxa8 Rxa8 18. f4 Bd7 19. Qe1 Bxb5 20. c4 Be8 21.
h4 Qf6 22. e5 Qg6 23. Qf2 Bc6 24. b5 Bxg2 25. Qxg2 Ra2 26. Rf2 Ra1+ 27. Kh2
Qxd3 28. Qf3 Qa3 29. Qe4 d3 30. Rd2 Qc3 31. Rxd3 Qe1 32. Re3 Qg1+ 33. Kh3 Ra2
34. Qb1 Rh2# 0-1

[Event "Tournoi Skype 010"]
[Site "Skype"]
[Date "????.??.??"]
[Round "4.1"]
[White "Sagar Pati, Manjeet"]
[Black "Hervais, Adrien"]
[Result "1-0"]
[WhiteElo "1399"]
[BlackElo "2038"]
[PlyCount "79"]

1. c4 e6 2. d4 d5 3. Nc3 Nf6 4. Nf3 Bb4 5. Bg5 h6 6. Bxf6 Qxf6 7. e3 O-O 8. Be2
Nd7 9. Qb3 Bxc3+ 10. Qxc3 c6 11. a4 a5 12. cxd5 exd5 13. O-O Qd6 14. Bd3 Re8
15. Rfc1 Nb8 16. Ne5 Na6 17. Qxa5 f6 18. Ng6 Qb4 19. Qxb4 Nxb4 20. Bf1 Bf5 21.
Nf4 Ra5 22. Ra3 Bc2 23. b3 b5 24. Ne2 Rea8 25. Nc3 Bd3 26. Na2 Nc2 27. Rxc2
Bxc2 28. Nb4 Bh7 29. Nxc6 R5a6 30. Ne7+ Kf8 31. Nxd5 Rc6 32. f3 Rc1 33. Kf2 Bg8
34. Nb6 b4 35. Ra2 Ra7 36. d5 Ke7 37. Bc4 Kd8 38. a5 h5 39. e4 Kc7 40. d6+ 1-0

[Event "Tournoi Skype 010"]
[Site "Skype"]
[Date "????.??.??"]
[Round "4.2"]
[White "Auger, Bertrand"]
[Black "Gieschen, Mike"]
[Result "1-0"]
[WhiteElo "1991"]
[BlackElo "1399"]
[PlyCount "41"]

1. Nf3 Nf6 2. g3 d5 3. Bg2 e6 4. c4 c5 5. O-O Bd6 6. d4 O-O 7. cxd5 Nxd5 8. Nc3
Nxc3 9. bxc3 b6 10. Ne5 f6 11. Nc4 Nc6 12. Bxc6 Rb8 13. Bg2 Ba6 14. Nxd6 Qxd6
15. Bf4 e5 16. dxe5 Qxd1 17. Rfxd1 fxe5 18. Bxe5 Bxe2 19. Rd7 Rbe8 20. Bd5+ Kh8
21. Bxg7# 1-0

[Event "Tournoi Skype 010"]
[Site "Skype"]
[Date "????.??.??"]
[Round "4.3"]
[White "Mulrooney, Justin"]
[Black "Deville, Olivier"]
[Result "1-0"]
[WhiteElo "1300"]
[BlackElo "1951"]
[PlyCount "65"]

1. d4 Nf6 2. c4 e6 3. Nc3 Bb4 4. Nf3 Ne4 5. Qc2 f5 6. e3 b6 7. Bd3 Bb7 8. O-O
Bxc3 9. bxc3 O-O 10. Rb1 d6 11. Ba3 Nd7 12. Ne1 Qg5 13. Qc1 e5 14. d5 Ndc5 15.
f3 Nxd3 16. Nxd3 Nxc3 17. Qxc3 Qxe3+ 18. Kh1 e4 19. Bb2 Rf6 20. fxe4 Qxe4 21.
Rbe1 Qg4 22. Rf4 Qg5 23. Qd2 Rg6 24. Qf2 Rf8 25. Re3 Ba6 26. Rg3 Qh5 27. Rgf3
Bc8 28. Rh4 Qg5 29. Nf4 Rh6 30. Rg3 Qxh4 31. Rxg7+ Kh8 32. Qxh4 Rxh4 33. Rg3+
1-0

[Event "Tournoi Skype 010"]
[Site "Skype"]
[Date "????.??.??"]
[Round "4.4"]
[White "Ayotte, Jocelyn"]
[Black "Parmar, Manoj"]
[Result "1/2-1/2"]
[WhiteElo "2067"]
[BlackElo "1483"]
[PlyCount "69"]

1. d4 d5 2. Nf3 c6 3. c4 Nf6 4. Nc3 e6 5. Bg5 Be7 6. e3 O-O 7. Rc1 h6 8. Bh4
Nbd7 9. Qc2 b6 10. cxd5 cxd5 11. Bd3 Bb7 12. O-O Rc8 13. Qa4 a5 14. Bb5 Nb8 15.
Ne5 Ne4 16. Bxe7 Qxe7 17. Nxe4 dxe4 18. Bd7 Nxd7 19. Qxd7 Qxd7 20. Nxd7 Rfd8
21. Nxb6 Rb8 22. Rfe1 Ba6 23. Na4 Rdc8 24. b3 Bd3 25. Rxc8+ Rxc8 26. Nc5 e5 27.
Rc1 Bb5 28. dxe5 Re8 29. Nxe4 Rxe5 30. Rc5 Rxe4 31. Rxb5 a4 32. h3 axb3 33.
axb3 Re7 34. Rb8+ Kh7 35. Kf1 1/2-1/2

[Event "Tournoi Skype 010"]
[Site "Skype"]
[Date "????.??.??"]
[Round "4.5"]
[White "Plourde, Alain"]
[Black "Lambert, Pierre"]
[Result "1-0"]
[WhiteElo "1820"]
[BlackElo "1913"]
[PlyCount "63"]

1. d4 f5 2. c4 Nf6 3. Nc3 g6 4. Nf3 Bg7 5. e3 O-O 6. Be2 d6 7. Qc2 c6 8. O-O
Qe8 9. b3 e5 10. dxe5 dxe5 11. Bb2 Nbd7 12. Rad1 Nc5 13. b4 Nce4 14. Nxe4 Nxe4
15. Nd2 Ng5 16. Nf3 Nf7 17. c5 Be6 18. Bc4 Bxc4 19. Qxc4 Qe7 20. Rd2 Rfd8 21.
Rfd1 Rxd2 22. Rxd2 Rd8 23. Rxd8+ Qxd8 24. h3 Kf8 25. Qe6 Qe8 26. Qxe8+ Kxe8 27.
Kf1 Ke7 28. Ke2 Ke6 29. Nd2 Kd5 30. a3 Ng5 31. f3 Ne6 32. e4+ 1-0

[Event "Tournoi Skype 010"]
[Site "Skype"]
[Date "????.??.??"]
[Round "4.6"]
[White "Catherine, Bertrand"]
[Black "Talbot, Jacques"]
[Result "1-0"]
[WhiteElo "1909"]
[BlackElo "1374"]
[PlyCount "25"]

1. e4 e5 2. Nf3 d6 3. d4 exd4 4. Qxd4 Nc6 5. Bb5 Bd7 6. Bxc6 Bxc6 7. Nc3 Nf6 8.
Bg5 Be7 9. O-O-O O-O 10. h4 Ng4 11. Nd5 Bxd5 12. exd5 a6 13. Qxg4 1-0

[Event "Tournoi Skype 010"]
[Site "Skype"]
[Date "????.??.??"]
[Round "4.7"]
[White "Bourdeau, Yvan"]
[Black "Jacquelin, Norbert"]
[Result "0-1"]
[WhiteElo "1612"]
[BlackElo "1810"]
[PlyCount "84"]

1. e4 Nf6 2. e5 Nd5 3. d4 d6 4. Nf3 g6 5. c4 Nb6 6. Nc3 Bg7 7. Be2 O-O 8. O-O
Nc6 9. Bf4 h6 10. d5 Nxe5 11. Nxe5 dxe5 12. Bg3 f5 13. f4 exf4 14. Bxf4 g5 15.
Bd2 e5 16. Qc2 e4 17. Nxe4 fxe4 18. Rxf8+ Qxf8 19. Rf1 Qc5+ 20. Kh1 Qe7 21. Be3
Bd7 22. b3 Rf8 23. Rxf8+ Kxf8 24. Bh5 Kg8 25. Bg6 Nc8 26. Bxe4 Bf5 27. Bxf5
Qxe3 28. Qb1 Nd6 29. Bg6 Qf2 30. Bh7+ Kh8 31. Bg6 Nc8 32. Bf5 Ne7 33. Bd3 Bd4
34. Qf1 Qxf1+ 35. Bxf1 Nf5 36. Bd3 Ne3 37. a4 a5 38. h3 Kg7 39. g4 Kf6 40. Kh2
Ke5 41. Kg3 Bc5 42. Kf3 Kd4 0-1

[Event "Tournoi Skype 010"]
[Site "Skype"]
[Date "????.??.??"]
[Round "4.8"]
[White "Hilton, Stephen"]
[Black "Coruble, Didier"]
[Result "1-0"]
[WhiteElo "1937"]
[BlackElo "1402"]
[PlyCount "39"]

1. d4 Nf6 2. c4 d5 3. Nc3 c6 4. Nf3 h6 5. e3 Ne4 6. Qc2 Nxc3 7. bxc3 dxc4 8.
Bxc4 e6 9. O-O Bd6 10. e4 O-O 11. e5 Be7 12. Qe4 g5 13. Bd3 f5 14. exf6 Rf7 15.
Qg6+ Kf8 16. Qxh6+ Ke8 17. fxe7 Qxe7 18. Bg6 Kd7 19. Bxf7 Qxf7 20. Ne5+ 1-0

[Event "Tournoi Skype 010"]
[Site "Skype"]
[Date "????.??.??"]
[Round "4.9"]
[White "Alverson, Ginny"]
[Black "Salazar Ticeran, Antonio"]
[Result "0-1"]
[WhiteElo "1399"]
[BlackElo "1842"]
[PlyCount "60"]

1. d4 Nf6 2. Nf3 g6 3. c4 Bg7 4. Nc3 d6 5. e4 O-O 6. Be2 Nc6 7. O-O e5 8. d5
Ne7 9. Bg5 Ne8 10. Qd2 f5 11. exf5 gxf5 12. Bxe7 Qxe7 13. Ng5 Bf6 14. Nf3 Kh8
15. Qh6 Rg8 16. Bd3 Rg6 17. Qh5 Ng7 18. Qh3 f4 19. Bxg6 Bxh3 20. gxh3 hxg6 21.
Kh1 Qd7 22. Rg1 Qxh3 23. Ng5 Bxg5 24. Rxg5 Qf3+ 25. Kg1 Kh7 26. Re1 Kh6 27. Rg2
Nf5 28. Ne4 Nh4 29. Re3 Qd1+ 30. Re1 Qxe1# 0-1

[Event "Tournoi Skype 010"]
[Site "Skype"]
[Date "????.??.??"]
[Round "4.10"]
[White "Megelas, Florent"]
[Black "Prasad, Sanjay"]
[Result "1-0"]
[WhiteElo "1711"]
[BlackElo "1399"]
[PlyCount "45"]

1. e4 c5 2. Nf3 d6 3. d4 Nc6 4. dxc5 dxc5 5. Qxd8+ Nxd8 6. Nc3 e6 7. Bb5+ Nc6
8. O-O Bd7 9. Be3 a6 10. Bd3 Be7 11. Rfd1 h6 12. h3 Nf6 13. Na4 Nb4 14. Nxc5
Bxc5 15. Bxc5 Nxd3 16. cxd3 Rc8 17. Rac1 Bb5 18. e5 Nd7 19. Bd6 Rxc1 20. Rxc1
Bc6 21. Nd4 Nb6 22. Nxc6 bxc6 23. Rxc6 1-0

[Event "Tournoi Skype 010"]
[Site "Skype"]
[Date "????.??.??"]
[Round "4.12"]
[White "Casey, Eamonn"]
[Black "Picard, Mario"]
[Result "1-0"]
[WhiteElo "1642"]
[BlackElo "1250"]
[PlyCount "57"]

1. d4 d5 2. c4 Nf6 3. Nc3 e6 4. Bg5 Nbd7 5. Nf3 h6 6. Bh4 Be7 7. e3 O-O 8. cxd5
exd5 9. Bd3 c5 10. O-O b6 11. Rc1 Bb7 12. Re1 a6 13. a4 Rc8 14. Qe2 Ne4 15.
Bxe7 Qxe7 16. Bxa6 Bxa6 17. Qxa6 Ra8 18. Qb5 Nef6 19. b3 Ra5 20. Qd3 Rc8 21. e4
cxd4 22. Nxd5 Nxd5 23. Rxc8+ Nf8 24. exd5 Qd7 25. Ree8 Qxe8 26. Rxe8 Rxd5 27.
h3 Rd6 28. Qe4 Rc6 29. Qxc6 1-0